| 000 | 01102pam a2200313 i 4500 | ||
|---|---|---|---|
| 001 | 017156437 | ||
| 003 | EG-ScBUE | ||
| 005 | 20230509103836.0 | ||
| 008 | 150325t2007 flua f b 001 0 eng d | ||
| 020 | _a9780813061269 (pbk.) | ||
| 040 |
_aStDuBDS _beng _erda _cStDuBDS _dUk _dEG-ScBUE |
||
| 082 | 0 | 4 |
_a709.174927 _222 _bSHA |
| 100 | 1 |
_aShabout, Nada M., _d1962- _eauthor. |
|
| 245 | 1 | 0 |
_aModern Arab art : _bformation of Arab aesthetics / _cNada M. Shabout. |
| 264 | 1 |
_aGainesville, FL : _bUniversity Press of Florida, _c[2007] |
|
| 264 | 4 | _cc2007 | |
| 300 |
_axviii, 203 pages, 16 unnumbered pages of plates : _billustrations (black and white, and colour) ; _c23 cm |
||
| 336 |
_atext _2rdacontent _btxt |
||
| 336 |
_astill image _2rdacontent _btxt |
||
| 337 |
_aunmediated _2rdamedia _bn |
||
| 338 |
_avolume _2rdacarrier _bnc |
||
| 504 | _aIncludes bibliographical references and index. | ||
| 650 | 7 |
_aArt, Arab _y20th century. _2BUEsh |
|
| 650 | 7 |
_aArt, Arab _y21st century. _2BUEsh |
|
| 650 | 7 |
_aAesthetics, Arab. _2BUEsh |
|
| 653 |
_bART _cMay2023 |
||
| 655 | _vReading book | ||
| 942 |
_2ddc _cBB |
||
| 999 |
_c30315 _d30286 |
||